000 00396nam a2200157Ia 4500
003 GCL
008 140319s9999 xx 000 0 eng d
040 _aGCL /
_cGCL
082 0 4 _a620.3
_bZ V
100 1 _aZMERLI, ADNAN
245 1 0 _aVIBRATIONS /
_cZMERLI, ADNAN
260 _a[S.N] :
_bINSTITUT SUPERIEUR DE & EDVCATION ،
_c1986
300 _a166 P
650 0 4 _aVIBRATION
942 _2ddc
_cBK
999 _c20770
_d20770